| 000 | 01787nam a2200313Ia 4500 | ||
|---|---|---|---|
| 003 | OSt | ||
| 005 | 20210104182830.0 | ||
| 008 | 191128s2008 ck ad gr 001 0dspa d | ||
| 020 | _a9789584620729 | ||
| 040 |
_aCO-JMCR _cCO-JMCR |
||
| 041 | 0 | _aspa | |
| 082 | 0 | 4 |
_a658.562 / _bA723s _223 |
| 100 | 1 |
_aAtehortúa Hurtado, Federico Alonso, _eautor _912364 |
|
| 245 | 1 | 0 |
_aSistema de gestión integral : _buna sola gestión, un solo equipo / _cFederico Alonso Atehortúa Hurtado, Ramón Elías Bustamante Vélez y Jorge Alberto Valencia de los Ríos |
| 250 | _aPrimera edición | ||
| 260 |
_a[Medellín] : _bEditorial Universidad de Antioquia : Gestión y Conocimiento, _c2008 |
||
| 300 |
_axxvi, 231 páginas : _bgráficas a blanco y negro ; _c24 cm. |
||
| 500 | _aIncluye índice analítico, datos biográficos de los autores en solapa posterior y notas a pie de páginas. | ||
| 504 | _aBibliografía: páginas [219]-222 | ||
| 505 | 0 | _aTeoría general de los sistemas y sistémica -- Modelos de gestión -- Sistema de gestión integral -- Proceso de gestión estratégica -- Proceso de gestión de los clientes -- Proceso de gestión de la producción o de la prestación del servicio | |
| 520 | 3 | _aBajo el principio de "Una sola gestión, un solo equipo", esta obra propone un Sistema de gestión integral que facilite el abordaje de la diversidad de exigencias normativas, legales o de mercado que obligan a las organizaciones a implementar sistemas de | |
| 650 | 1 | 4 |
_aGestión empresarial _9603 |
| 650 | 1 | 4 |
_aAdministración de empresas _912638 |
| 650 | 1 | 4 |
_aControl de calidad _911331 |
| 650 | 1 | 4 |
_aControl interno _99227 |
| 700 | 1 |
_aBustamante Vélez, Ramón Elías, _eautor _912367 |
|
| 700 | 1 |
_aValencia de los Ríos, Jorge Alberto, _eautor _912368 |
|
| 942 |
_2ddc _cBK |
||
| 999 |
_c6191 _d6191 |
||